|
|
|
|
| LEADER |
00900ncm a22002292a 4500 |
| 001 |
000764520 |
| 003 |
CZ BrMZK |
| 005 |
20120313100454.0 |
| 007 |
qu |
| 008 |
050222s1971 xo |||||r|||||||| slo d |
| 040 |
|
|
|a BOA001
|b cze
|c BOA001
|
| 072 |
|
7 |
|a 782
|x Divadelní hudba. Opera, opereta, muzikál
|2 Konspekt
|9 9
|
| 100 |
1 |
|
|a Cikker, Ján,
|d 1911-1989
|7 jn19990210145
|4 cmp
|4 lbt
|
| 245 |
1 |
0 |
|a Hra o láske a smrti
|h [hudebnina] :
|b opera v jednom dejstve : klavírny výťah /
|c Ján Cikker ; libreto podľa rovnomennej činohry Romaina Rollanda napísal Ján Cikker
|
| 260 |
|
|
|a Bratislava :
|b Slovenský hudobný fond,
|c 1971
|
| 300 |
|
|
|a 301 s.
|
| 500 |
|
|
|a Rozmnoženo
|
| 700 |
1 |
|
|a Rolland, Romain,
|d 1866-1944
|7 jn19990007118
|4 aut
|
| 910 |
|
|
|a BOA001
|b Mus4-0751.118
|
| 990 |
|
|
|a MU
|
| 991 |
|
|
|b 200503
|
| 996 |
6 |
|
|b 2619209437
|c Mus4-0751.118
|l MZK
|r Sklad / do 1 hodiny
|n 1
|w 000764520
|u 000010
|a 1
|e BOA001
|j MZK50
|s P
|